Statistics for Qatar Quiz

Click here to take the quiz!

General Stats

  • This quiz has been taken 27 times
  • The average score is 3 of 10

Answer Stats

Question Qulefication % Correct
Name one of the nations Qatar is banned from flying to.Saudi Arabia, the UAE, Egypt, and Bahrain.
80%
How many times has Qatar Airways earned the World Airline Award?4
70%
Qatar has how many acres of forest?0
50%
What percentage of Qataris live in the city?99%
40%
Which British city can be compared to the size of Qatar?Yorkshire
10%
Qatar is which place for most natural gas and oil reserves?3rd
10%
Qatar is the most polluting country per capita, followed byCuraco
0%
Qatar is the most averse to natural disaster. The least isVanuatu
0%
What is the average elevation of Qatar?28 metres
0%
According to the Telegraph, an influx of what nationality is expected?Welsh
0%

Score Distribution

Percentile by Number Answered

Percent of People with Each Score

Your Score History

You have not taken this quiz